Материалы 6-й научно-технической конференции Сибирского химического комбината, Северск, 17-20 октября 2000 г.: в 3 ч.

書誌詳細
共著者: Сибирский химический комбинат, Научно-техническая конференция
言語:ロシア語
出版事項: Северск, СТИ ТПУ, 2001
フォーマット: MixedMaterials 図書
KOHA link:https://koha.lib.tpu.ru/cgi-bin/koha/opac-detail.pl?biblionumber=191203

MARC

LEADER 00000nam1a2200000 4500
001 191203
005 20231031180638.0
010 |a 5939150071 
035 |a (RuTPU)RU\TPU\book\208466 
035 |a BOOK00027146 
035 |a RU\TPU\book\27071 
090 |a 191203 
100 |a 20011209d2001 k y0rusy50 ca 
101 0 |a rus 
102 |a RU 
200 1 |a Материалы 6-й научно-технической конференции Сибирского химического комбината, Северск, 17-20 октября 2000 г.  |e в 3 ч.  |f Сибирский химический комбинат 
210 |a Северск  |c СТИ ТПУ  |d 2001 
712 0 2 |a Сибирский химический комбинат  |c Федеральное государственное унитарное предприятие  |c (Северск)  |2 stltpush  |3 (RuTPU)RU\TPU\col\111 
712 1 2 |a Научно-техническая конференция  |d 6  |e Северск  |f 2000 
801 1 |a RU  |b 63413507  |c 20110203 
801 2 |a RU  |b 63413507  |c 20110926  |g RCR 
942 |c BK